01315 2200277 4500001002100000005001500021035002000036007000300056008004100059020000600100082000800106084001700114100002300131245010500154250001800259300004100277650001700318700002900335700003000364520051300394264004000907336002100947337003000968338002300998990001601021INLIS00000000004388620211223034109 a0010-1221000106ta211223 g 0 ind  a- a025 aSR 025 LAS s0 aLasa Hsepengarang1 aSukses akreditasi perpustakaan sekolah/madrasah /cLasa Hs, Eko Kurniawan; penyunting, Arief Budiman aEdisi pertama ax, 253 halaman :bIlustrasi ;c21 cm 4aperpustakaan0 aEko Kurniawanepengarang0 aArief Budimanepenyunting aakreditasi perpustakaan sekolah merupakan suatu hal yang baru, setelah sebelumnya akreditasi perpustakaan sekolah merupakan satu rangkaian dalam akreditasi sekolah. namun sekarangakreditasi perpustakaan sekolah telah berdiri sendiri. penilaian dengan standar akreditasi ini tidak hanya mencakup megahnya gedung dan banyaknya aggaran, namun ada beberapa komponen didalamnya. dengan buku ini diharapkan menjadi pedoman untuk menyelenggarakan perpustakaan sesuai dengan standart akreditasi perpustakaan sekolah. aYogyakarta :bTaman poestaka,c2021 2rdacontentaTeks 2rdamediaaTanpa perantara 2rdacarrieraVolume a48914.61734